| 000 | 01233nam a22002775i 4500 | ||
|---|---|---|---|
| 001 | 163319 | ||
| 003 | ES-MaACL | ||
| 005 | 20250725093042.0 | ||
| 008 | 970220s1891 sp |||| | spa d | ||
| 100 | 1 |
_aReparaz, Gonzalo de, _d1860-1939 _9131716 |
|
| 245 | 1 | 0 |
_aEspaña en África y otros estudios de política colonial / _cpor Gonzalo Reparaz ; con un prólogo del Excmo. Sr. D. Segismundo Moret. |
| 260 |
_aMadrid : _b[Sáenz de Jubera Hermanos, _c1891] ( _fImp. de La Justicia) |
||
| 300 |
_aXXXII, 218 p. ; _c17 cm. |
||
| 490 | 1 |
_aBiblioteca andaluza. 3ª Serie ; _vIV ; _v24 |
|
| 530 | _aDisponible en formato digital. | ||
| 597 | _aAntep. | ||
| 650 | 7 |
_aColonialismo _2embne _911149 |
|
| 651 | 7 |
_aEspaña- _xColonias- _zÁfrica- _yS.XIX _2 _9159564 |
|
| 700 | 1 |
_aMoret, Segismundo, _d1833-1913 _9162747 |
|
| 830 | 1 |
_aBiblioteca andaluza. 3ª Serie ; _vIV ; _v24 _9222267 |
|
| 852 |
_aES-MaACL _jD-2954 |
||
| 852 |
_aES-MaACL _jG-8828 _z- Enc. pasta española |
||
| 856 |
_uhttp://bdh-rd.bne.es/viewer.vm?id=0000252372&page=1 _zBiblioteca Digital Hispánica |
||
| 856 |
_uhttps://bibliotecadigital.aecid.es/bibliodig/es/consulta/registro.do?id=1844 _zBiblioteca Digital AECID |
||
| 999 |
_c163319 _d163319 |
||